000 02260cam a22004697i 4500
001 19147848
003 ARRUPE
005 20211005092616.0
008 160622t20152015nyu b 000 0 eng d
010 _a 2016303054
020 _a9780062425652
_q(pbk.)
020 _a006242565X
_q(pbk.)
035 _a(OCoLC)ocn922877862
040 _aNjBwBT
_beng
_cVTL
_erda
_dVTL
_dNYP
_dON8
_dUAB
_dOCLCQ
_dYDXCP
_dOCLCF
_dTOH
_dBTCTA
_dBDX
_dGK8
_dCDX
_dCOO
_dOCLCQ
_dDLC
042 _alccopycat
050 0 0 _aQ335
_b.W446 2015
082 0 4 _a006.301
_223
245 0 0 _aWhat to think about machines that think :
_btoday's leading thinkers on the age of machine intelligence /
_cedited by John Brockman.
250 _aFirst edition.
300 _axxvi, 541 pages ;
_c21 cm.
490 0 _aEdge question series
504 _aIncludes bibliographical references (page 541).
520 _aCollects the thoughts of almost two hundred of today's leading thinkers on the issue of artifical intelligence.
650 0 _aArtificial intelligence
_vMiscellanea.
_950266
650 7 _aArtificial intelligence.
_2fast
655 7 _aMiscellanea.
_2fast
_950267
700 1 _aBrockman, John,
_d1941-
_eeditor.
_950268
700 1 2 _aShanahan, Murray.
_tConsciousness in human-level AI.
_950269
700 1 2 _aPinker, Steven,
_d1954-
_tThinking does not imply subjugating.
_950270
700 1 2 _aRees, Martin J.,
_d1942-
_tOrganic intelligence has no long-term future.
_950271
700 1 2 _aOmohundro, Stephen M.
_q(Stephen Malvern).
_tTurning point in artificial intelligence.
_950272
700 1 2 _aSasselov, Dimitar D.
_tAI is I.
_950273
700 1 2 _aTipler, Frank J.
_tIf you can't beat 'em, join 'em.
_950274
700 1 2 _aLivio, Mario,
_d1945-
_tIntelligent machines on Earth and beyond.
_950275
700 1 2 _aLisi, Antony Garrett.
_tI, for one, welcome our machine overlords.
_950276
700 1 2 _aMarkoff, John.
_tOur masters, slaves, or partners?
_950277
700 1 2 _aDavies, P. C. W.
_tDesigned intelligence.
_950278
856 4 2 _3Contributor biographical information
_uhttps://www.loc.gov/catdir/enhancements/fy1618/2016303054-b.html
906 _a7
_bcbc
_ccopycat
_d2
_encip
_f20
_gy-gencatlg
942 _2lcc
_cMONOGRAPH
999 _c130674
_d130674